000 00637cam a22002291 4500
001 sa 65010077
003 DLC
005 20260227112206.0
008 940216s1958 xx 000 0 mar
010 _asa 65010077
035 _a(OCoLC)29823435
040 _aDLC
_cNRU
_dDLC
042 _apremarc
050 0 0 _aHQ10
_b.D37
100 1 _aDeshpande, Vimalabai,
_d1903-
245 1 0 _aGhara āṇi āṅgana.
_c[Lekhikā] Vimalābāī Deśapāṇḍe.
250 _a[Prathamāvr̥tti]
260 _aMumbaī,
_bBahurūpī Prakāśana
_c[1958]
300 _a135 p.
_c19 cm.
500 _aIn Marathi.
650 0 _aFamily life education.
999 _c66557
_d66557